Programas de reducción de la pobreza en América Latina: un análisis de cinco experiencias

Gorde:
Xehetasun bibliografikoak
Egile nagusia: Villatoro S., Pablo (Egilea)
Formatua: Liburua
Hizkuntza:gaztelania
Argitaratua: Santiago Naciones Unidas 2004
Saila:Políticas Sociales
Gaiak:
Etiketak: Etiketa erantsi
Etiketarik gabe, Izan zaitez lehena erregistro honi etiketa jartzen!

MARC

LEADER 00000nam a2200000 a 4500
001 UCG0289
003 CL-VaPUC
008 100318e20040000CL |||||||||||||||||spa|d
082 0 4 |a 339.46  |b VIL  |2 21 
100 0 |a Villatoro S., Pablo  |e author  |9 547663 
245 1 0 |a Programas de reducción de la pobreza en América Latina: un análisis de cinco experiencias 
300 |a 40 p 
942 |c BK 
945 |d 20100318 00:00:00  |a rbrito 
260 |a Santiago  |b Naciones Unidas  |c 2004 
650 0 |a Pobreza  |9 258652 
650 0 |a Políticas sociales  |9 358116 
650 0 |a Protección social  |9 256186 
651 0 |a América Latina   |9 255027 
583 |a last modification  |c 20121214 09:21:39  |k Rodrigo Vera 
490 0 |a Políticas Sociales 
999 |c 339975  |d 339973 
952 |0 0  |1 0  |4 0  |6 339_460000000000000_VIL_2004  |7 0  |8 A  |9 434259  |a BIBGIM  |b BIBGIM  |d 2019-11-22  |i 4651480  |o 339.46 VIL 2004  |p 4651480  |r 2025-01-15  |w 2019-11-22  |y BK  |k GIM